| 000 | 00657nam a2200169 i 4500 | ||
|---|---|---|---|
| 001 | 158199 | ||
| 003 | ES-MaACL | ||
| 005 | 20230906211043.0 | ||
| 008 | 040824s1894 fr |||| | fre d | ||
| 040 |
_aCAM _bspa _cCAM |
||
| 100 | 1 |
_aLuce, Siméon. _9129123 |
|
| 245 | 1 | 0 |
_aHistoire de la Jacquerie d'après des documents inédits / _cpar Siméon Luce. |
| 250 | _aNouvelle éd. considérablement augmentée et précédée d'une bibliographie des travaux de l'auteur. | ||
| 260 |
_aParis : _bHonoré Champion libraire, _c1894 ( _eBesançon : _fImp. et stér. de Paul Jacquin) |
||
| 300 |
_aXXIV, 368 p. ; _c23 cm. |
||
| 852 |
_aES-MaACL _jF-9931 _z-- Rust. |
||
| 999 |
_c158199 _d158199 |
||